00770nam a22002297a 450000500170000001000110001702000220002803500110005003700160006104000120007708200160008910000270010524500520013226000470018427000280023130000310025965000210029065000260031194200250033799900190036295201590038120170124105957.0 a663416 c00.00a0713901306 a663416 bCen Lib/Ret aDPLbEN a355.03bLUT aLuttwak, Edward914855 aA dictionary of modren war /cby Edward Luttwak aLondonbAllen Lane The Penguin Pressc1971 aVigo StreetbLondoneW1 avarious pagings c21cm(Hb) aAircrafts914856 aAir portraits 914857 2ddccENh355.03mLUT c125588d125588 04104070aLbLd2015-06-22eCen Lib/Retg0.00l0o355.03 LUTp663416r2015-06-22 00:00:00t1v0.00w2015-06-22yENzW/d List No. 6889/6 ; dtd 10/09/2020